Top scorers for Netherlands in the 21st century - Statistics

General Stats
  • This quiz has been taken 18 times
  • The average score is 11 of 25
Answer Stats
Answer % Correct
Robin Van Persie
100%
Ruud Van Nistelrooy
89%
Arjen Robben
83%
Wesley Sneijder
83%
Luuk De Jong
78%
Klaas Jan Huntelaar
72%
Memphis Depay
72%
Cody Gakpo
67%
Rafael Van der Vaart
61%
Patrick Kluivert
56%
Dirk Kuyt
50%
Virgil Van Dijk
50%
Georginio Wijnaldum
44%
Jimmy Floyd Hasselbaink
39%
Marc Overmars
33%
Denzel Dumfries
28%
Mark Van Bommel
17%
Ryan Babel
17%
Steven Bergwijn
17%
Donyell Malen
11%
Wout Weghorst
11%
Davy Klaasen
6%
Quincy Promes
6%
Vincent Janssen
6%
Ibrahim Afellay
0%
No matching quizzes found
Score Distribution
Percent of People with Each Score
Percentile by Number Answered
Your Score History
You have not taken this quiz